000 00616cam a2200145 4500500
005 20251228082923.0
041 _afre
042 _adc
100 1 0 _aTsimbidy, Myriam
_eauthor
245 0 0 _aŒuvres complètes du cardinal de Retz, Jacques Delon (éd.), Paris, Honoré Champion, « Sources classiques », 2005, 4 vol. 14,5 × 22,5 cm de 510 p., 279 p., 437 p., 706 p.
260 _c2006.
500 _a52
786 0 _nDix-septième siècle | 233 | 4 | 2006-12-01 | p. 753g-764g | 0012-4273
856 4 1 _uhttps://shs.cairn.info/revue-dix-septieme-siecle-2006-4-page-753g?lang=fr&redirect-ssocas=7080
999 _c1600113
_d1600113